Discurso inaugural del curso académico de 1884 á 1885 / (Record no. 157315)

MARC details
000 -LEADER
campo de control de longitud fija 00820nam a22002055i 4500
001 - NÚMERO DE CONTROL
campo de control 157315
003 - IDENTIFICADOR DE NÚMERO DE CONTROL
campo de control ES-MaACL
005 - FECHA Y HORA DE LA ÚLTIMA TRANSACCIÓN
campo de control 20230906210641.0
008 - DATOS DE LONGITUD FIJA--INFORMACIÓN GENERAL
campo de control de longitud fija 950206s1884 sp |||| | spa d
040 ## - FUENTE DE CATALOGACIÓN
Centro catalogador/agencia de origen GA
100 1# - ENTRADA PRINCIPAL--NOMBRE DE PERSONA
Nombre de persona Laverde Ruiz, Gumersindo.
9 (RLIN) 70705
245 10 - MENCIÓN DEL TÍTULO
Título Discurso inaugural del curso académico de 1884 á 1885 /
Mención de responsabilidad, etc. por el Dr. D. Gumersindo Laverde y Ruiz.
260 ## - PUBLICACIÓN, DISTRIBUCIÓN, ETC.
Lugar de publicación, distribución, etc. Santiago :
Nombre del editor, distribuidor, etc. [s.n.],
Fecha de publicación, distribución, etc. 1884 (
Fabricante Oficina tipográfica de José M. Paredes)
300 ## - DESCRIPCIÓN FÍSICA
Extensión 48 p. ;
Dimensiones 30 cm.
500 ## - NOTA GENERAL
Nota general Tema del discurso: Sebastián Fox Morcillo.
594 ## - Nota al título y mención de responsabilidad
Nota al título y mención de responsabilidad Precede al tít.: Universidad Literaria de Santiago.
600 14 - PUNTO DE ACCESO ADICIONAL DE MATERIA--NOMBRE DE PERSONA
Nombre de persona Fox Morcillo, Sebastián.
9 (RLIN) 151693
710 2# - ENTRADA AGREGADA--NOMBRE DE ENTIDAD CORPORATIVA
Nombre de entidad corporativa o nombre de jurisdicción como elemento de entrada Universidad Literaria de Santiago de Compostela.
9 (RLIN) 135006
852 ## - LOCALIZACIÓN
Ubicación ES-MaACL
Número de control de estantería T-392-F-13
Nota libre -- Enc. hol.
-- -- Enc. en un vol. facticio
Holdings
Estatus retirado Estado de pérdida Estado de daño No para préstamo Colección Biblioteca de origen Biblioteca actual Ubicación en estantería Fecha de adquisición Total de préstamos Signatura topográfica completa Código de barras Visto por última vez Precio de reemplazo Tipo de ítem Koha
        Colección de folletos Biblioteca del Ateneo de Madrid Biblioteca del Ateneo de Madrid Depósito folletos 17/01/2008   T-392-F-13 1164630 23/02/2023 23/02/2023 Folleto